000 00638nam a2200241 i 4500
001 C2-0292489
003 PPAK
005 20180728024514.0
008 090106s2001 nyu |||| ||||| | eng d
020 _a1931082049
040 _aPPAK
_beng
_cPPAK
_erda
082 0 4 _a808.88
_223
090 0 0 _a808.88
_bHAM
_dLCK
100 1 _aHamilton, Alexander,
_eauthor
245 1 0 _aWritings
264 1 _aNew York :
_bThe Library of America ,
_c2001
300 _a1108 pages ;
_c21 cm
336 _2rdacontent
_atext
337 _2rdamedia
_aunmediated
338 _2rdacarrier
_avolume
650 1 0 _aLiterature - Collections
942 _ddc
_cB
999 _c97354
_d97354